00736nam a2200289Ia 4500008004100000020001600041100001900057245001100076245005800087260001500145260002000160260000900180300001600189300002700205300001000232500002300242650002200265650001300287650001800300650001800318650003200336650001300368650001300381650002200394650002200416700000800438160803s9999 xx 000 0 und d a0 439623316 aMunsch, Robert aBoo! / cby Robert Munsch ; illustrated by Michael Martchenko. aNew York : bScholastic Inc. c2004 a30 pages :  bcolor illustrations ;  c21 cm a"Cartwheel books." aFace painting --  aFear --  aHalloween --  aHalloween --  aPicture books for children. xFiction. xFiction. xJuvenile fiction. xJuvenile fiction. a540